Progressively Harder Physical Geography - Statistics

General Stats
  • This quiz has been taken 763 times
    454 since last reset
  • The average score is 9 of 15
Answer Stats
Clue Answer % Correct
A mountain range spanning through north-west Africa. Atlas
94%
Desert in southern Mongolia. Gobi
93%
The longest river in Europe. Volga
90%
An island in the west Mediterranean sea owned by France. Corsica
89%
The third longest river worldwide. Yangtze
83%
Northern Atlantic archipelago owned by the Danes. Faroe
80%
Lake in north central Africa that neighbors N’djamena. Chad
79%
The deepest lake in all of Africa. Tanganyika
66%
(S) island owned by Indonesia, east of Borneo and south of the Philippines. Sulawesi
65%
A lake in Canada by which you could find Yellowknife. Great Slave
63%
Coastal desert home to Luderitz and Walvis Bay. Namib
54%
Twin rivers in central Asia who share the name Darya. Amu Syr
17%
This seasonal lake lies in the basin of central Australia. Eyre
14%
A mountainous area in eastern South America. Brazilian Highlands
6%
Cape, just south of the country who’s capital is Luanda. Fria
3%
No matching quizzes found
Score Distribution
Percent of People with Each Score
Percentile by Number Answered
Your Score History
You have not taken this quiz since the last reset